000 00752nam a2200253 i 4500
001 67214
003 ES-MaACL
005 20230906170014.0
007 t|
008 040512s1962 sp |||| | spa d
080 _a001(460)"15/19"
080 _a1(460)"15/19"
100 1 _aRodríguez Aranda, Luis.
_998344
245 1 3 _aEl desarrollo de la razón en la cultura española /
_cLuis Rodríguez Aranda.
250 _a1ª ed.
260 _aMadrid :
_bAguilar,
_c1962.
300 _a403 p. ;
_c21 cm.
490 1 _aEnsayistas hispánicos
650 4 _aFilosofía-
_zEspaña-
_vHistoria.
_912844
651 4 _aEspaña-
_xCivilización.
_98163
830 0 _aEnsayistas hispánicos
_9181410
852 _aES-MaACL
_jC-20125
999 _c67214
_d67214